00604 2200205 4500001002100000005001700021008004100038020001800079035002400097090001700121245008400138250001000222260002900232300003100261500003100292650002200323700002000345850001200365999002100377YOGYA-0209000006866320160929095114.0 ind  a979-168-051-5 0010-020900000068663 aDEP 810bGlo aGlosarium istilah sastra jawabDhanu Priya Prabowo ; penyunting, Windy Afiyanti aEd. 1 aYogyakartabNarasic2007 a344 hlm. :bilus. ;c21 cm aBibliografi : hlm. 341-344 aKesusastraan jawa aAfiyanti, Windy aYOPDYOG aCB-D.11-2007-801